| 000 | 003230000a22001090004500 | ||
|---|---|---|---|
| 090 |
_aAS _bSeriadas |
||
| 245 | 1 | 0 | _aTipos de Chrysobalaceae en el herbario nacional colombiano |
| 041 | 0 | _aEspañol | |
| 100 | 1 |
_aPrance, Ghillean T. _915187 |
|
| 942 | _cARTICULO | ||
| 773 | 1 |
_tMutisia: Acta Botánica Colombiana _3893 _h48 _q1-5 _d1980 |
|
| 999 |
_c15306 _d15306 |
||